<?xml version="1.0" encoding="UTF-8"?>
<record
    xmlns:xsi="http://www.w3.org/2001/XMLSchema-instance"
    xsi:schemaLocation="http://www.loc.gov/MARC21/slim http://www.loc.gov/standards/marcxml/schema/MARC21slim.xsd"
    xmlns="http://www.loc.gov/MARC21/slim">

  <leader>03026ctm a22003855a 4500</leader>
  <controlfield tag="001">18267858</controlfield>
  <controlfield tag="003">EG-ScBUE</controlfield>
  <controlfield tag="005">20220404101342.0</controlfield>
  <controlfield tag="008">140814t2013    gw a   f      001 0deng d</controlfield>
  <datafield tag="020" ind1=" " ind2=" ">
    <subfield code="a">9783836526753</subfield>
  </datafield>
  <datafield tag="040" ind1=" " ind2=" ">
    <subfield code="a">AU@</subfield>
    <subfield code="b">eng</subfield>
    <subfield code="e">rda</subfield>
    <subfield code="c">AU@</subfield>
    <subfield code="d">OCLCO</subfield>
    <subfield code="d">BIB</subfield>
    <subfield code="d">RIC</subfield>
    <subfield code="d">YDXCP</subfield>
    <subfield code="d">BTCTA</subfield>
    <subfield code="d">BDX</subfield>
    <subfield code="d">UKMGB</subfield>
    <subfield code="d">NZROP</subfield>
    <subfield code="d">MNY</subfield>
    <subfield code="d">UVV</subfield>
    <subfield code="d">OBE</subfield>
    <subfield code="d">LTSCA</subfield>
    <subfield code="d">OCLCO</subfield>
    <subfield code="d">DLC</subfield>
    <subfield code="d">EG-ScBUE </subfield>
    <subfield code="d">EG-ScBUE </subfield>
  </datafield>
  <datafield tag="041" ind1="1" ind2=" ">
    <subfield code="a">eng</subfield>
    <subfield code="h">dan</subfield>
  </datafield>
  <datafield tag="082" ind1="0" ind2="4">
    <subfield code="a">823.7</subfield>
    <subfield code="b">AND</subfield>
    <subfield code="2">22</subfield>
  </datafield>
  <datafield tag="100" ind1="1" ind2=" ">
    <subfield code="a">Andersen, H. C. </subfield>
    <subfield code="q">(Hans Christian)</subfield>
    <subfield code="d">1805-1875,</subfield>
    <subfield code="e">author.</subfield>
    <subfield code="9">4767</subfield>
  </datafield>
  <datafield tag="245" ind1="1" ind2="4">
    <subfield code="a">The fairy tales of Hans Christian Andersen /</subfield>
    <subfield code="c">edited by Noel Daniel ; art direction by Andy Disl and Noel Daniel ; translated by Jean Hersholt.</subfield>
  </datafield>
  <datafield tag="264" ind1=" " ind2="1">
    <subfield code="a">Hohenzollernring, Germany :</subfield>
    <subfield code="b">Taschen,</subfield>
    <subfield code="c">[2013]</subfield>
  </datafield>
  <datafield tag="264" ind1=" " ind2="4">
    <subfield code="c">c2013</subfield>
  </datafield>
  <datafield tag="300" ind1=" " ind2=" ">
    <subfield code="a">320 pages :</subfield>
    <subfield code="b">color illustrations ;</subfield>
    <subfield code="c">26 cm</subfield>
  </datafield>
  <datafield tag="336" ind1=" " ind2=" ">
    <subfield code="2">rdacontent</subfield>
    <subfield code="a">text</subfield>
    <subfield code="b">txt</subfield>
  </datafield>
  <datafield tag="337" ind1=" " ind2=" ">
    <subfield code="2">rdamedia</subfield>
    <subfield code="a">unmediated</subfield>
    <subfield code="b">n</subfield>
  </datafield>
  <datafield tag="338" ind1=" " ind2=" ">
    <subfield code="2">rdacarrier</subfield>
    <subfield code="a">volume</subfield>
    <subfield code="b">nc</subfield>
  </datafield>
  <datafield tag="500" ind1=" " ind2=" ">
    <subfield code="a">Includes index.</subfield>
  </datafield>
  <datafield tag="505" ind1="0" ind2="0">
    <subfield code="t">Introduction /</subfield>
    <subfield code="r">by Noel Daniel --</subfield>
    <subfield code="t">The tales.</subfield>
    <subfield code="t">The princess and the pea /</subfield>
    <subfield code="r">illustrated by Tom Seidmann-Freud --</subfield>
    <subfield code="t">The nightingale /</subfield>
    <subfield code="r">illustrated by Georgi&#xFFFD;i Ivanovich Narbut --</subfield>
    <subfield code="t">The swineherd /</subfield>
    <subfield code="r">illustrated by Einar Nerman --</subfield>
    <subfield code="t">The old man is always right /</subfield>
    <subfield code="r">illustrated by Hertha List --</subfield>
    <subfield code="t">The farmyard cock and the weather cock /</subfield>
    <subfield code="r">illustrated by Theo van Hoytema --</subfield>
    <subfield code="t">The little mermaid /</subfield>
    <subfield code="r">illustrated by Josef Pale&#xFFFD;cek, Lotte Reiniger --</subfield>
    <subfield code="t">The emperor's new clothes /</subfield>
    <subfield code="r">illustrated by Harry Clarke --</subfield>
    <subfield code="t">The darning needle /</subfield>
    <subfield code="r">illustrated by Maurice Sendak --</subfield>
    <subfield code="t">Twelve by mail coach /</subfield>
    <subfield code="r">illustrated by Hertha List, Laura Barrett --</subfield>
    <subfield code="t">The steadfast tin soldier /</subfield>
    <subfield code="r">illustrated by Kay Nielsen --</subfield>
    <subfield code="t">The snow queen /</subfield>
    <subfield code="r">illustrated by Katharine Beverley, Elizabeth Ellender --</subfield>
    <subfield code="t">The flea and the professor /</subfield>
    <subfield code="r">illustrated by Laura Barrett --</subfield>
    <subfield code="t">Thumbelina /</subfield>
    <subfield code="r">illustrated by Gustaf Tenggren --</subfield>
    <subfield code="t">The sweethearts /</subfield>
    <subfield code="r">illustrated by Vilhelm Pedersen --</subfield>
    <subfield code="t">Ole shut-eye /</subfield>
    <subfield code="r">illustrated by Takeo Takei --</subfield>
    <subfield code="t">Five peas in a pod /</subfield>
    <subfield code="r">illustrated by Hertha List --</subfield>
    <subfield code="t">The ugly duckling /</subfield>
    <subfield code="r">illustrated by Theo van Hoytema --</subfield>
    <subfield code="t">Little Ida's flowers /</subfield>
    <subfield code="r">illustrated by Hertha List --</subfield>
    <subfield code="t">The shepherdess and the chimney sweep /</subfield>
    <subfield code="r">illustrated by Kay Nielsen --</subfield>
    <subfield code="t">The flying trunk /</subfield>
    <subfield code="r">illustrated by Takeo Takei --</subfield>
    <subfield code="t">The little match girl /</subfield>
    <subfield code="r">illustrated by Arthur Rackham --</subfield>
    <subfield code="t">The tinderbox /</subfield>
    <subfield code="r">illustrated by Heinrich Strub --</subfield>
    <subfield code="t">The pen and the inkstand /</subfield>
    <subfield code="r">illustrated by Laura Barrett --</subfield>
    <subfield code="t">Artists' biographies /</subfield>
    <subfield code="r">by Noel Daniel --</subfield>
    <subfield code="t">Editor's note --</subfield>
    <subfield code="t">Afterword /</subfield>
    <subfield code="r">by Professor Johan de Mylius.</subfield>
  </datafield>
  <datafield tag="546" ind1=" " ind2=" ">
    <subfield code="a">Text in English ; translated from the original Danish. </subfield>
  </datafield>
  <datafield tag="650" ind1=" " ind2="7">
    <subfield code="a">Fairy tales.</subfield>
    <subfield code="2">BUEsh</subfield>
  </datafield>
  <datafield tag="650" ind1=" " ind2="7">
    <subfield code="a">Fairy tales</subfield>
    <subfield code="z">Denmark.</subfield>
    <subfield code="2">BUEsh</subfield>
  </datafield>
  <datafield tag="650" ind1=" " ind2="7">
    <subfield code="a">Children's stories, Danish</subfield>
    <subfield code="v">Translations into English.</subfield>
    <subfield code="2">BUEsh</subfield>
    <subfield code="9">40119</subfield>
  </datafield>
  <datafield tag="651" ind1=" " ind2=" ">
    <subfield code="2">BUEsh</subfield>
  </datafield>
  <datafield tag="653" ind1=" " ind2=" ">
    <subfield code="c">July2015</subfield>
    <subfield code="c">January2016</subfield>
    <subfield code="b">GGEN</subfield>
  </datafield>
  <datafield tag="655" ind1=" " ind2=" ">
    <subfield code="v">Reading book</subfield>
    <subfield code="9">34232</subfield>
  </datafield>
  <datafield tag="700" ind1="1" ind2=" ">
    <subfield code="a">Hersholt, Jean,</subfield>
    <subfield code="d">1886-1956,</subfield>
    <subfield code="e">translator.</subfield>
  </datafield>
  <datafield tag="700" ind1="1" ind2=" ">
    <subfield code="a">Daniel, Noel,</subfield>
    <subfield code="e">editor of compilation,</subfield>
    <subfield code="e">art director.</subfield>
  </datafield>
  <datafield tag="700" ind1="1" ind2=" ">
    <subfield code="a">Disl, Andy,</subfield>
    <subfield code="e">art director.</subfield>
  </datafield>
  <datafield tag="942" ind1=" " ind2=" ">
    <subfield code="2">ddc</subfield>
    <subfield code="c">BB</subfield>
  </datafield>
  <datafield tag="999" ind1=" " ind2=" ">
    <subfield code="c">20245</subfield>
    <subfield code="d">20217</subfield>
  </datafield>
  <datafield tag="952" ind1=" " ind2=" ">
    <subfield code="0">0</subfield>
    <subfield code="1">0</subfield>
    <subfield code="2">ddc</subfield>
    <subfield code="4">0</subfield>
    <subfield code="7">0</subfield>
    <subfield code="8">Baccah</subfield>
    <subfield code="a">MAIN</subfield>
    <subfield code="b">MAIN</subfield>
    <subfield code="c">2ND</subfield>
    <subfield code="d">2015-07-06</subfield>
    <subfield code="e">Purchase</subfield>
    <subfield code="g">225.00</subfield>
    <subfield code="h">32125</subfield>
    <subfield code="l">1</subfield>
    <subfield code="o">823.7 AND</subfield>
    <subfield code="p">000039296</subfield>
    <subfield code="r">2025-07-15 00:00:00</subfield>
    <subfield code="s">2022-10-24</subfield>
    <subfield code="v">281.00</subfield>
    <subfield code="y">BB</subfield>
  </datafield>
</record>
